Missing Word: Bob Hope Quiz Stats

 Plays Quiz not verified by Sporcle

Score 0/16 Timer 03:00
0 Plays Today
Movie Title Missing Word % Correct
Some Like It _____Hot
100%
The Facts of _____Life
94.1%
Spies Like _____Us
91.8%
The _____ Show on EarthGreatest
89.4%
Boy, Did I Get the _____ Number!Wrong
87.1%
_____ to ZanzibarRoad
85.9%
The Lemon Drop _____Kid
77.6%
Alias Jesse _____James
75.3%
Movie Title Missing Word % Correct
The Muppet _____Movie
72.9%
The _____ and the CanaryCat
71.8%
_____ of PalefaceSon
64.7%
Louisiana _____Purchase
57.6%
My _____ BrunetteFavorite
57.6%
The _____ and the PiratePrincess
55.3%
That _____ FeelingCertain
36.5%
The Private _____ of Sgt. O'FarrellNavy
16.5%

You're not logged in!

Compare scores with friends on all Sporcle quizzes.
OR
Log In

You Might Also Like...

Show Comments

Extras

Top Quizzes Today


Score Distribution

Your Account Isn't Verified!

In order to create a playlist on Sporcle, you need to verify the email address you used during registration. Go to your Sporcle Settings to finish the process.

Report this User

Report this user for behavior that violates our Community Guidelines.

Details: